| 000 | 02804cam a22003491i 4500 | ||
|---|---|---|---|
| 003 | SA-RiAUC | ||
| 005 | 20250914144220.0 | ||
| 008 | 250910s1992 le g 000 h ara c | ||
| 040 |
_aSA-RiAUC _bara _cSA-RiAUC _erda |
||
| 050 | 4 | _bT36 1992 | |
| 082 | 0 | 4 |
_a817.5 _qSA-RiAUC |
| 090 |
_a817.5 _bق ا ض |
||
| 100 | 1 |
_aالقاضي التنوخي، المحسن بن علي بن محمد، _d237-384 هجري _eمؤلف. |
|
| 245 | 1 | 2 |
_aالمستجاد من فعلات الأجواد / _cأبو علي المحسن بن علي ؛ تحقيق محمد كرد علي. |
| 250 | _aالطبعة الأولى. | ||
| 264 | 1 |
_aبيروت : _bدار صادر، _c1992 |
|
| 264 | 2 |
_aمصر : _bدار السلام للطباعة والنشر والتوزيع والترجمة |
|
| 300 |
_a284 صفحة ؛ _c24 سم |
||
| 336 |
_aنص _btxt _2rdacontent _3كتاب |
||
| 337 |
_aبدون وسيط _bn _2rdamedia |
||
| 338 |
_aمجلد _bnc _2rdacarrier |
||
| 500 | _aيشتمل على كشافات. | ||
| 563 | _aمجلد فني أبيض. | ||
| 650 | 7 |
_aالأهاجي والفكاهات العربية _yالعصر العباسي الثاني _2aucsh |
|
| 650 | 7 |
_aالنوادر العربية _yالعصر العباسي _2aucsh |
|
| 700 | 1 |
_aمحمد كرد علي، محمد بن عبد الرزاق بن محمد، _d1876-1953 _eمحقق. |
|
| 700 | 1 | 2 |
_iتحقيق لـ : _aالقاضي التنوخي، المحسن بن علي بن محمد، _d237-384 هجري. _tالمستجاد من فعلات الأجواد. |
| 856 |
_uhttp://www.alwaraq.net/Core/waraq/coverpage?bookid=3140&option=1 _yExternal Link _2 نرجو الانتباه لإمكانية وجود اختلاف في الطبعة أو الناشر بين البيانات على البوابة وما ستجده على الكتاب نظرا لمحدودية المعلومات المتاحة على الموقع الناشر للمادة. _3Please note that there may be a difference in the edition or publisher between the data on the portal and the book due to the limited information available on the publisher website for the material. |
||
| 856 |
_uhttp://www.alwaraq.net/Core/AlwaraqSrv/bookpage?book=3140&option=1&fkey=2&page=1 _yDigital Copy _2 نرجو الانتباه لإمكانية وجود اختلاف في الطبعة أو الناشر بين البيانات على البوابة وما ستجده على الكتاب نظرا لمحدودية المعلومات المتاحة على الموقع الناشر للمادة. _3Please note that there may be a difference in the edition or publisher between the data on the portal and the book due to the limited information available on the publisher website for the material. |
||
| 942 |
_2ddc _cBOOK _n0 |
||
| 949 |
_aSA-JeALM _d250910 _umohamedma123 _n1 |
||
| 999 |
_c11705 _d11705 |
||